World trade and payments: an introduction

Sábháilte in:
Sonraí bibleagrafaíochta
Príomhchruthaitheoirí: Caves, Richard E (Údar), Jones, Ronald W (Údar)
Formáid: LEABHAR
Teanga:Béarla
Foilsithe / Cruthaithe: Boston Little, Brown & Company 1973
Sraith:Little, Brown Series in Economics
Ábhair:
Clibeanna: Cuir clib leis
Níl clibeanna ann, Bí ar an gcéad duine le clib a chur leis an taifead seo!

MARC

LEADER 00000nam a2200000 a 4500
001 UCR8391
003 CL-VaPUC
008 980529e19730000US |||||||||||||||||eng|d
082 0 4 |a 382  |b CAV  |2 21 
100 0 |a Caves, Richard E  |e author  |9 410050 
700 |a Jones, Ronald W  |e author  |9 489784 
245 1 0 |a World trade and payments: an introduction 
300 |a 574 p 
942 |c BK 
945 |d 19980529 00:00:00  |a cmena 
260 |a Boston  |b Little, Brown & Company  |c 1973 
650 7 |a COMERCIO INTERNACIONAL  |2 CL-VaPUC  |9 410052 
650 0 |a Balanza de pagos  |9 316476 
650 7 |a SISTEMAS MONETARIOS INTERNACIONALES  |2 CL-VaPUC  |9 351627 
650 0 |a Política monetaria  |9 258279 
650 7 |a POLITICA FINANCIERA  |2 CL-VaPUC  |9 356280 
650 0 |a Desarrollo económico y social   |9 256320 
650 7 |a DEVALUACION MONETARIA  |2 CL-VaPUC  |9 341375 
650 0 |a Balanza comercial   |9 379503 
583 |a last modification  |c 19980529 00:00:00  |k Rodrigo Vera 
490 0 |a Little, Brown Series in Economics 
999 |c 269796  |d 269794